000 00504nam a2200169 a 4500
005 20140412111320.0
008 010402s19uu xx 00 eng d
020 _a0-7214-1970-4
050 _aER
_bGo57 1988
245 _aGoldilocks and the three bears. /
_cillustrated by Moira Maclean.
260 _aLeicestershire, UK :
_bLadybird Books Ltd,
_c1988.
300 _a27p. ; ill.
440 _aRead it Yourself, Level 1
650 _aBears - Stories
650 _aChildren's stories
999 _c104364
_d104364